000 01025nam a2200265 a 4500
001 35035
003 OSt
005 20150320140225.0
008 130711t20031959nyu e 000 1 eng d
020 _a9780743253970
040 _aLC
_beng
_dCaNSH
_dCaOL
_cddc
082 _a820
100 1 _aKnowles, John,
_d1926-2001.
245 1 2 _aA separate peace /
_cJohn Knowles.
260 _aNew York :
_bScribner,
_c2003, c1959.
300 _a204 p. ;
_c21 cm.
520 _aGene was a lonely introverted intellectual. Phineas was a handsome, taunting, daredevil athlete. What happened between them at school one summer during the early years of World War II, as they are dealing with a friendship and a conflict which is settled by high stakes makes for a story of boys coming of age.
650 0 _aPreparatory school students
_vFiction.
650 0 _aBoys
_vFiction.
650 0 _aFriendship
_vFiction.
650 0 _aDeath
_vFiction.
651 0 _aNew Hampshire
_vFiction.
655 0 _aComing-of-age stories.
942 _2ddc
_cBK
999 _c2223
_d2223